| 000 | 00524nam a22001457a 4500 | ||
|---|---|---|---|
| 082 | _a620.1 | ||
| 100 | _aMuhammad Ali. | ||
| 245 |
_aOptimizing the Efficiency in Direct Laser Deposition Process using Vibrations to Control the Flow of Powder / _cMuhammad Ali. |
||
| 260 |
_aIslamabad; _bCEME - NUST, _c2012. |
||
| 300 |
_a77 p. : _bill. ; _c30cm. |
||
| 650 |
_aMechanical Engineering MS-Thesis. _916090 |
||
| 700 |
_aDr. Syed Waheed Ul Haq _918639 |
||
| 942 |
_2ddc _cTHE |
||
| 999 |
_c536452 _d536452 |
||